Sports Quiz

Random Sports or Soccer Quiz

English Football Champions Quiz Stats

 Plays Quiz Updated Jun 25, 2020

Support Sporcle.
Go Orange.
Score 0/122 Timer 12:00
38 Plays Today
Year Team % Correct
1907-1908Manchester United
99.1%
1910-1911Manchester United
99.1%
1951-1952Manchester United
99.1%
1955-1956Manchester United
99.1%
1956-1957Manchester United
99.1%
1964-1965Manchester United
99.1%
1966-1967Manchester United
99.1%
1992-1993Manchester United
99.1%
1993-1994Manchester United
99.1%
1995-1996Manchester United
99.1%
1996-1997Manchester United
99.1%
1998-1999Manchester United
99.1%
1999-2000Manchester United
99.1%
2000-2001Manchester United
99.1%
2002-2003Manchester United
99.1%
2006-2007Manchester United
99.1%
2007-2008Manchester United
99.1%
2008-2009Manchester United
99.1%
2010-2011Manchester United
99.1%
2012-2013Manchester United
99.1%
2020-2021Manchester City
98.9%
2018-2019Manchester City
98.8%
2019-2020Liverpool
98.8%
2017-2018Manchester City
98.7%
2014-2015Chelsea
98.6%
2011-2012Manchester City
98.5%
2013-2014Manchester City
98.5%
2016-2017Chelsea
98.5%
1954-1955Chelsea
98.5%
2004-2005Chelsea
98.5%
2005-2006Chelsea
98.5%
1936-1937Manchester City
98.4%
1967-1968Manchester City
98.4%
2009-2010Chelsea
98.4%
1930-1931Arsenal
98.2%
1932-1933Arsenal
98.2%
1933-1934Arsenal
98.2%
1934-1935Arsenal
98.2%
1937-1938Arsenal
98.2%
1947-1948Arsenal
98.2%
1952-1953Arsenal
98.2%
Year Team % Correct
1970-1971Arsenal
98.2%
1988-1989Arsenal
98.2%
1990-1991Arsenal
98.2%
1997-1998Arsenal
98.2%
2001-2002Arsenal
98.2%
2003-2004Arsenal
98.2%
1989-1990Liverpool
97.8%
1900-1901Liverpool
97.8%
1905-1906Liverpool
97.8%
1921-1922Liverpool
97.8%
1922-1923Liverpool
97.8%
1946-1947Liverpool
97.8%
1963-1964Liverpool
97.8%
1965-1966Liverpool
97.8%
1972-1973Liverpool
97.8%
1975-1976Liverpool
97.8%
1976-1977Liverpool
97.8%
1978-1979Liverpool
97.8%
1979-1980Liverpool
97.8%
1981-1982Liverpool
97.8%
1982-1983Liverpool
97.8%
1983-1984Liverpool
97.8%
1985-1986Liverpool
97.8%
1987-1988Liverpool
97.8%
2015-2016Leicester City
95.7%
1890-1891Everton
91.1%
1914-1915Everton
91.1%
1927-1928Everton
91.1%
1931-1932Everton
91.1%
1938-1939Everton
91.1%
1962-1963Everton
91.1%
1969-1970Everton
91.1%
1984-1985Everton
91.1%
1986-1987Everton
91.1%
1950-1951Tottenham Hotspur
90.5%
1960-1961Tottenham Hotspur
90.5%
1911-1912Blackburn Rovers
89%
1913-1914Blackburn Rovers
88.9%
1994-1995Blackburn Rovers
88.9%
1893-1894Aston Villa
87.5%
1895-1896Aston Villa
87.5%
Year Team % Correct
1896-1897Aston Villa
87.5%
1898-1899Aston Villa
87.5%
1899-1900Aston Villa
87.5%
1909-1910Aston Villa
87.5%
1980-1981Aston Villa
87.5%
1968-1969Leeds United
86.9%
1973-1974Leeds United
86.9%
1991-1992Leeds United
86.9%
1904-1905Newcastle United
86.1%
1906-1907Newcastle United
86.1%
1908-1909Newcastle United
86.1%
1926-1927Newcastle United
86.1%
1977-1978Nottingham Forest
80.6%
1891-1892Sunderland
78.1%
1892-1893Sunderland
78.1%
1894-1895Sunderland
78.1%
1901-1902Sunderland
78.1%
1912-1913Sunderland
78.1%
1935-1936Sunderland
78.1%
1953-1954Wolverhampton Wanderers
68.8%
1957-1958Wolverhampton Wanderers
68.8%
1958-1959Wolverhampton Wanderers
68.8%
1902-1903The Wednesday
66.9%
1903-1904The Wednesday
66.9%
1928-1929Sheffield Wednesday
66.9%
1929-1930Sheffield Wednesday
66.9%
1971-1972Derby County
66.8%
1974-1975Derby County
66.8%
1897-1898Sheffield United
65.9%
1919-1920West Bromwich Albion
65.5%
1888-1889Preston North End
62.3%
1889-1890Preston North End
62.3%
1948-1949Portsmouth
61.2%
1949-1950Portsmouth
61.2%
1920-1921Burnley
59.9%
1959-1960Burnley
59.9%
1961-1962Ipswich Town
58.5%
1923-1924Huddersfield Town
51.6%
1924-1925Huddersfield Town
51.6%
1925-1926Huddersfield Town
51.6%

From the Vault

MLB RBI Leaders (Season)

by Ben

Sports 7m
Looking at the top numbers on this list I am starting to wonder if the steroid era was actually in the 1930's.
Remove Ads.
Support Sporcle.
Get the best of Sporcle when you Go Orange. This ad-free experience offers more features, more stats, and more fun while also helping to support Sporcle. Thank you for becoming a member.

Show Comments

Extras

Top Quizzes Today


Score Distribution

Your Account Isn't Verified!

In order to create a playlist on Sporcle, you need to verify the email address you used during registration. Go to your Sporcle Settings to finish the process.

Report this User

Report this user for behavior that violates our Community Guidelines.

Details: